ՀՀ Գիտությունների ազգային ակադեմիայի հիմնարար գիտական գրադարան  =   Fundamental Scientific Library of NAS RA

Никита Яковлевич Бичурин : (Record no. 322372)

MARC details
000 -LEADER
fixed length control field 00844nam a2200217 a 4500
001 - CONTROL NUMBER
control field 000961605
003 - CONTROL NUMBER IDENTIFIER
control field AM-YeHGA
005 - DATE AND TIME OF LATEST TRANSACTION
control field 20250618074205.0
008 - FIXED-LENGTH DATA ELEMENTS--GENERAL INFORMATION
fixed length control field 130507s1977 ru r 000 0 rus d
040 ## - CATALOGING SOURCE
Original cataloging agency AM-YeHGA
041 0# - LANGUAGE CODE
Language code of text/sound track or separate title rus
090 ## - LOCALLY ASSIGNED LC-TYPE CALL NUMBER (OCLC); LOCAL CALL NUMBER (RLIN)
-- 324115
100 1# - MAIN ENTRY--PERSONAL NAME
Personal name Денисов, Петр Владимирович
245 10 - TITLE STATEMENT
Title Никита Яковлевич Бичурин :
Remainder of title Очерк жизни и творческой деятельности ученного- востоковеда.
260 ## - PUBLICATION, DISTRIBUTION, ETC.
Place of publication, distribution, etc. Чебоксары :
Name of publisher, distributor, etc. Чуваш. кн. изд-во,
Date of publication, distribution, etc. 1977.
300 ## - PHYSICAL DESCRIPTION
Extent 143 с. :
Other physical details портр., рис. ;
Dimensions 20 см.
500 ## - GENERAL NOTE
General note К 200-летию со дня рождения
504 ## - BIBLIOGRAPHY, ETC. NOTE
Bibliography, etc. note Библиогр.: с. 138-142
600 14 - SUBJECT ADDED ENTRY--PERSONAL NAME
Personal name Бичурин, Никита Яковлевич
650 14 - SUBJECT ADDED ENTRY--TOPICAL TERM
Topical term or geographic name entry element Культура
9 (RLIN) 5174
Holdings
Withdrawn status Lost status Source of classification or shelving scheme Damaged status Not for loan Collection Home library Current library Date acquired Total checkouts Full call number Barcode Date last seen Price effective from Koha item type Public note
    Universal Decimal Classification     General Fundamental Scientific Library Fundamental Scientific Library 09/01/2017   PII/410841 FL0425600 09/01/2017 09/01/2017 Գրքեր / Books 30 Days Loan


ՀՀ ԳԱԱ հիմնարար գիտական գրադարան
ՀՀ,Երևան 0019
Մարշալ Բաղրամյան 24/6
հեռախոս:(374-10) 52-47-50
Հետադարձ կապ

All site content, except where otherwise noted, is licensed under a
Creative Commons License